000 00538nam a2200205Ia 4500
003 0100
005 20160504112959.0
008 130303s9999 xx 000 0 und d
040 _cARRUPELIB
050 _aB434.T531 1955
100 _aAquinatis, S. Thomae
_924364
245 _aIn Aristotelis libros peri hermeneias et posteriorum analyticorum
245 _bexpositio
260 _aItaly
260 _bMarietti
300 _a127p.
300 _b 25cm.
650 _aAristotle Peri hermeneias
_924365
942 _2lcc
_cMONOGRAPH
999 _c52216
_d52216